000 00528nam a2200157 i 4500
001 95148
003 ES-MaACL
005 20230906181638.0
007 t|
008 050524s1919 sp ||||1| spa d
100 1 _aLuque Beltrán, Francisco.
_974825
245 1 0 _aEstudio de algunas complicaciones de los traumatismos craneales basado en quince casos de observacion personal
_b: tesis doctoral /
_cFrancisco Luque Beltrán.
260 _aMadrid :
_b[s.n.],
_c1919.
502 _aTesis doctoral.
852 _aES-MaACL
_j1525-F-18
999 _c95148
_d95148